2 letter names Quiz Stats

 Plays Quiz not verified by Sporcle

Support Sporcle.
Go Orange.
Score 0/5 Timer 10:00
0 Plays Today
figure it out your self answer % Correct
Al
78.8%
Bo
72.7%
Ed
60.6%
An
30.3%
AJ
27.3%

You're not logged in!

Compare scores with friends on all Sporcle quizzes.
OR
Log In

From the Vault

F-Words in Christmas Carols

by Jamessir

Anyone who does their Christmas shopping last minute is very familiar with these f-words.
Remove Ads.
Support Sporcle.
Get the best of Sporcle when you Go Orange. This ad-free experience offers more features, more stats, and more fun while also helping to support Sporcle. Thank you for becoming a member.

Show Comments

Extras

Created Mar 9, 2011ReportNominate
Tags:Letter Quiz, self

Top Quizzes Today


Score Distribution

Your Account Isn't Verified!

In order to create a playlist on Sporcle, you need to verify the email address you used during registration. Go to your Sporcle Settings to finish the process.

Report this User

Report this user for behavior that violates our Community Guidelines.

Details: